00701nam a2200229Ia 4500003000900000005001700009008004100026040001300067040001300080041000800093100002600101245006900127250001200196260002100208260000900229300000800238490001300246490000600259942001200265999001300277952018100290IT-RoPAU20220918175247.0120407s9999 xx 000 0 und d aIT-RoPAU cIT-RoPAU aita aPierre Dufoyer934133 aIl carattere e il cuore del giovane spiegato alle giovani. 2. ed aMilano  aEdizioni Paoline c1960 c cm aFamiglia v1 cBK2ddc c173d173 00102ddc406257_86000000000000071aPAULUSbPAULUSd2012-04-11l0o257.86r2012-04-11 00:00:00w2012-04-11yBKzInserito da: In data: n.d. fondo: Via A.Severo 56 Progr:11946